00739 2200181 4500245004700000020001800047250001100065700002100076100002100097650001700118005001900135260004200154041001400196084001100210300002300221500030400244336000900548 aYour Gangster GirlcChristina JuzwarhText a9786020380193 aCet. 1 aIrna Permatasari aChristina Juzwar aNovel Remaja a20250106085902 aJakartabGramedia Pustaka Utamac2018 aIndonesia a808.83 a248 hlm. :c20 cm. aNamanya Kassandra Olivia, tapi kelakuannya tidak sebagus namanya. Di kampus, Oliv mendapat cap cewek preman, menyebalkan, dan anarkis. Dia tidak suka berteman apalagi akrab dengan banyak orang, terutama dengan makhluk yang namanya cowok. Dan yang jelas, dia berprinsip tidak akan pernah jatuh cinta. atext